000
00402nam a22001697a 4500
003
MPLRDC
005
20220104142728.0
008
210129b ||||| |||| 00| 0 eng d
082
_a
710 YBC v.1
100
_a
杨碧川编撰
245
_a
世界史大辞典. 上
_c
250
_a
初版
260
_a
_b
远流出版社
_c
1981
300
_b
精
650
_a
世界历史
942
_c
BK
_o
710 YBC v.1
999
_c
33245
_d
33235